Music Quiz

Random Music or Billboard Quiz

Artists with the Top 10 Hits of '62 (Clips, 4 Lists) Quiz Stats

 Plays Quiz not verified by Sporcle

Score 0/18 Timer 06:00
0 Plays Today
Time Artist % Correct
0:10Chubby Checker
96.7%
0:00Ray Charles
90.2%
0:30The 4 Seasons
83.6%
0:50The 4 Seasons
78.7%
2:10Little Eva
60.7%
2:20Elvis Presley
60.7%
1:10Bobby Vinton
59%
0:40Chubby Checker
52.5%
1:40Shelley Fabares
47.5%
Time Artist % Correct
2:00The Shirelles
44.3%
0:20Mr. Acker Bilk
39.3%
2:50Gene Chandler
39.3%
1:30David Rose
37.7%
2:30Bruce Channel
37.7%
1:00Dee Dee Sharp
34.4%
1:20Joey Dee & The Starliters
32.8%
1:50The Tornadoes
32.8%
2:40The Sensations
19.7%

You're not logged in!

Compare scores with friends on all Sporcle quizzes.
Join for Free
OR
Log In

You Might Also Like...

Show Comments

Extras

Top Quizzes Today


Score Distribution

Your Account Isn't Verified!

In order to create a playlist on Sporcle, you need to verify the email address you used during registration. Go to your Sporcle Settings to finish the process.

Report this User

Report this user for behavior that violates our Community Guidelines.

Details: